000 00417nam a2200157Ia 4500
001 37228
005 20240114001926.0
007 ta
008 070604s g b000 u u
082 _a824
_bBa 23 Be
100 _aBanish, Jonas A .
245 0 _aBen Jonson, A Collection of Critical Essay /
_cEd By Jonas A Banish.
_hTextual Documents
653 _aEnglish Literature
942 _2ddc
_cBK
999 _c37210
_d37210